call of duty zombies shadows of evil - Statistics

General Stats
  • This quiz has been taken 40 times
  • The average score is 6 of 10
Answer Stats
Hint Answer % Correct
shoot him and you go up a few rounds shadow man
94%
enemy margwa
89%
gumball machine gobblegum
69%
character nero
69%
character jack
64%
character jessica
58%
enemy parasite
58%
character floyd
42%
enemy keepers
28%
enemy insanity element
17%
No matching quizzes found
Score Distribution
Percent of People with Each Score
Percentile by Number Answered
Your Score History
You have not taken this quiz